00621nam a2200109Ia 4500008004100000245002300041300027700064650002800341856005100369999001900420952007200439170517s9999 xx 000 0 und d 4aThe American Dream aThe American Dream is a 30 minute animated film that shows you how you've been scammed by the most basic elements of the government system. From the author: All of us Americans strive for the American Dream, and this film shows you why your dream is getting farther and... xBusiness and Economics. uhttp://topdocumentaryfilms.com/american-dream/ c333301d333301 001040aCLbCLd2017-05-17l0r2017-05-17 00:00:00w2017-05-17yDF